Paul Bettany Filmography - Statistics

General Stats
  • This quiz has been taken 69 times
    19 since last reset
  • The average score is 28 of 67
Answer Stats
Type Year Name % Correct
Film 2015 Avengers: Age of Ultron
91%
Film 2018 Avengers: Infinity War
91%
Film 2008 Iron Man
91%
Film 2010 Iron Man 2
91%
Film 2013 Iron Man 3
91%
Film 2012 The Avengers
91%
Web Mini-Series 2021 WandaVision
82%
Film 2016 Captain America: Civil War
73%
Film 2001 A Beautiful Mind
64%
Film 2010 Legion
64%
Film 2006 The Da Vinci Code
64%
Web Series 2021 What If...?
64%
Web Series 2026 Vision Quest
55%
Film 2001 A Knight's Tale
45%
Theater 1993 An Inspector Calls
45%
Film 2008 Inkheart
45%
Theater 1995 Julius Caesar
45%
Film 2003 Master and Commander: The Far Side of the World
45%
Theater 1995 Richard III
45%
Theater 1995 Romeo and Juliet
45%
Film 2018 Solo: A Star Wars Story
45%
TV Show 1996 The Bill
45%
Theater 2022-2023 The Collaboration
45%
Film TBA The Collaboration
45%
Film 2004 Wimbledon
45%
TV Mini-Series TBA Amadeus
36%
TV Mini-Series 2021 A Very British Scandal
36%
TV Mini-Series 1998 Coming Home
36%
TV Film 2000 David Copperfield
36%
Film 2003 Dogville
36%
Film 2024 Here
36%
Film 2017 Journey's End
36%
Film 2015 Legend
36%
Theater 1997 Love and Understanding
36%
Film 2015 Mortdecai
36%
Theater 1997 One More Wasted Year
36%
Film 2011 Priest
36%
TV Film 1997 Sharpe's Waterloo
36%
Director 2014 Shelter
36%
Film 2002 The Heart of Me
36%
Film 2010 The Tourist
36%
Film 2009 The Young Victoria
36%
Film 2014 Transcendence
36%
TV Show 1994 Wycliffe
36%
Film 1997 Bent
27%
Film 2012 Blood
27%
Film 2008 Broken Lines
27%
Film 2009 Creation
27%
Film 2000 Dead Babies
27%
TV Mini-Series 1999 Every Woman Knows a Secret
27%
Film 2006 Firewall
27%
Web Series 2023 Funny or Die's High Science
27%
Film 2000 Gangster No. 1
27%
Film TBA Harvest Moon
27%
TV Mini-Series 1998 Killer Net
27%
Film 2001 Kiss Kiss (Bang Bang)
27%
Film 2011 Margin Call
27%
Film 1998 The Land Girls
27%
Film 2003 The Reckoning
27%
Film 2008 The Secret Life of Bees
27%
Film 2020 Uncle Frank
27%
Film 1999 After the Rain
18%
TV Mini-Series 2017 Manhunt: Unabomber
18%
Film 2000 The Suicide Club
18%
Theater 1995 Woyzeck
18%
Short Film 2002 Euston Road
9%
TV Show 2015 Talking Dead
9%
No matching quizzes found
Score Distribution
Percent of People with Each Score
Percentile by Number Answered
Your Score History
You have not taken this quiz since the last reset